000 02258cam a22004574a 4500
999 _c50531
_d50531
001 15590274
005 20200224174516.0
008 090116s2009 caua 001 0 eng
010 _a 2009368425
020 _a9780321542458 (student ed.)
020 _a0321542452 (student ed.)
020 _a9780321550637 (professional copy)
020 _a0321550633 (professional copy)
040 _aDLC
_cDLC
_dDLC
041 _aeng
042 _apcc
050 0 0 _aQP44
_b.M34 2009b
080 _a611 M-29
082 0 0 _a612.0078
_222
100 1 _aMarieb, Elaine Nicpon,
_d1936-
_97403
245 1 0 _aHuman anatomy & physiology laboratory manual /
_cElaine N. Marieb, Susan J. Mitchell ; PhysioEx version 8.0 authored by Peter Z. Zao ... [et al.].
246 3 _aHuman anatomy and physiology laboratory manual
250 _a9th ed. update (cat version)
264 _aSan Francisco :
_bBenjamin Cummings,
_cc2009.
300 _a1 v. (various pagings) :
_bill. (chiefly col.) ;
_c28 cm. +
_e1 CD-ROM (4 3/4 in.)
500 _aIncludes index.
538 _aMinimum system requirements: Windows 98 or higher (266 MHz Intel Pentium processor or greater); Mac OS 9.2 or higher (266 MHz minimum CPU); 64 MB RAM (128 MB recommended); 800x 600 screen resolution; millions of colors; Macromedia Flash 6 plug-in (installer is included on CD); Netscape Navigator 4.7, 6.2 or higher (installer is included on CD), Internet Explorer 5.0+ 4x CD-ROM drive drive; Printer. *Use of Netscape 6.0 is not recommended due to know compatibility issues between Netscape 6.0 and the Flash plug-in.
650 0 _aHuman physiology
_vLaboratory manuals.
_97396
650 0 _aHuman anatomy
_vLaboratory manuals.
_97395
650 0 _aCats
_xDissection
_vLaboratory manuals.
_97404
653 _aანატომია
653 _aფიზიოლოგია
653 _aმედიცინა
700 1 _aKollett, Linda S.
_eავტორი
_97405
700 1 _aMitchell, Susan J.
_eავტორი
_97406
700 1 _aZao, Peter Z.
_tPhysioEx 4.0.
_eავტორი
_97407
740 0 2 _aPhysioEx 4.0.
906 _a7
_bcbc
_corigcop
_d3
_encip
_f20
_gy-gencatlg
942 _2udc
_cBK
955 _ajb17 2009-01-16 z-processor
_ixh11 2009-01-16
_ard03 2009-03-06